000 00848nam a2200229 a 4500
001 000032490
003 DO-SdBNP
005 20240305140625.0
007 ta
008 110718s1945 pn r 000 0 spa d
040 _aDO-SdBNP
_bspa
_cBNPHU
082 _axxxxx
_bM236c
100 _aMalagón Barceló, Javier,
_951163
_d1911- 1990
245 1 3 _aLa constitución y las reformas constitucionales de la República Dominicana, en su primer período como nación independiente (1844-1861) /
_cJavier Malagon Barceló, Malaquías Gil Arantegui.
260 _aPanamá :
_bImpr. Nacional,
_c1945.
300 _a37 p. ;
_c23 cm.
500 _aIncluye referencias bibliográficas y notas al pie de las páginas
590 _aInventariado, 2022/ YL
700 1 _aGil Arantegui, Malaquías,
_d1912-1988
_976489
910 _aYLockward
942 _2ddc
_cLF2
999 _c31981
_d31981